|
|
|
|
| LEADER |
01578nam a2200397 4500 |
| 001 |
ocn704565539 |
| 003 |
OCoLC |
| 005 |
20180501121940.0 |
| 006 |
m o d |
| 007 |
cr cnu---unuuu |
| 008 |
110302s2011 cau ob 001 0 eng d |
| 040 |
|
|
|a N$T
|b eng
|e pn
|c N$T
|d EBLCP
|d YDXCP
|d OCLCQ
|d OPELS
|d OCLCQ
|d OCLCF
|d OCLCQ
|d GrThAP
|
| 020 |
|
|
|a 9780123858580
|q (electronic bk.)
|
| 020 |
|
|
|a 0123858585
|q (electronic bk.)
|
| 020 |
|
|
|a 9780123858573
|q (electronic bk.)
|
| 020 |
|
|
|a 0123858577
|q (electronic bk.)
|
| 035 |
|
|
|a (OCoLC)704565539
|
| 050 |
|
4 |
|a QD96.N8
|b A56 2011eb
|
| 072 |
|
7 |
|a SCI
|x 013010
|2 bisacsh
|
| 082 |
0 |
4 |
|a 543/.0877
|2 22
|
| 049 |
|
|
|a TEFA
|
| 245 |
0 |
0 |
|a Annual reports on NMR spectroscopy.
|n Vol. 72 /
|c edited by Graham A. Webb.
|
| 260 |
|
|
|a San Diego, CA :
|b Academic Press,
|c ©2011.
|
| 300 |
|
|
|a 1 online resource (xi, 307 pages)
|
| 336 |
|
|
|a text
|b txt
|2 rdacontent
|
| 337 |
|
|
|a computer
|b c
|2 rdamedia
|
| 338 |
|
|
|a online resource
|b cr
|2 rdacarrier
|
| 504 |
|
|
|a Includes bibliographical references and index.
|
| 588 |
0 |
|
|a Print version record.
|
| 650 |
|
0 |
|a Nuclear magnetic resonance spectroscopy.
|
| 650 |
|
7 |
|a SCIENCE
|x Chemistry
|x Analytic.
|2 bisacsh
|
| 650 |
|
7 |
|a Nuclear magnetic resonance spectroscopy.
|2 fast
|0 (OCoLC)fst01040333
|
| 655 |
|
4 |
|a Electronic books.
|
| 700 |
1 |
|
|a Webb, Graham A.
|
| 776 |
0 |
8 |
|i Print version:
|t Annual reports on NMR spectroscopy Vol. 72.
|d San Diego, CA : Academic Press, ©2011
|z 9780123858573
|w (OCoLC)694063013
|
| 856 |
4 |
0 |
|u https://www.sciencedirect.com/science/bookseries/00664103/72
|z Full Text via HEAL-Link
|